000 00289nam a2200109Ia 4500
008 220630s9999 xx 000 0 und d
020 _a799325074
082 _aAF BERG
100 _aBergh, Rene
_974722
245 0 _aSOMERSWAELTJIE
942 _cBK
_w561
_xJohn Tresidder
_y296
_zPhillipina Naude
999 _c691889
_d691888